000 00626nam a22001817a 4500
999 _c12688
_d12688
008 190131b ||||| |||| 00| 0 eng d
020 _a971-542-291-8
082 _22001
_aDFil 899.211
_bP53
245 _aWhy mosquitoes hum and try to get into the holes of our ears(Bohol)/
_cDamiana Eugenio [Compiler and Editor]
260 _aQuezon City:
_bUP Press;
_c©2001
300 _aPage 390-392;
_c22.5 cm.
500 _aPhilippine folk literature: The myths
650 _aMythology
_935963
650 _aLegends
_935964
650 _aPhilippine folk literature (English)
_935965
650 _aFolklore
_935966
942 _2ddc
_cDFIL